000 00331nam a22001097a 4500
082 _a900/PRA
100 _aEd.Pratap,Ajay, Binda paranjape, Ghan shayam
_983973
245 _atribal and Environmental history of india
_bNew prospectives
260 _aNew delhi
_bResearch india press
_c2021
650 _aIndia history
_9974
942 _cBK
999 _c68989
_d68989